| 000 | 02185cam a22004095i 4500 | ||
|---|---|---|---|
| 001 | 23938923 | ||
| 005 | 20250523065220.0 | ||
| 008 | 241203t20192019enka e 000 j dut | ||
| 010 | _a 2024403334 | ||
| 020 | _a9781529302868 | ||
| 035 | _a(OCoLC)on1137298372 | ||
| 040 | _ctbs | ||
| 041 | 0 |
_adut _aeng |
|
| 042 | _alccopycat | ||
| 100 |
_aRichards, Olly _eauthor _912403 |
||
| 245 | 1 | 0 |
_aShort stories in Dutch _b: read for pleasure at your level and learn Dutch the fun way! _c/ Olly Richards ; translated by Rosemary Mitchell-Schuitevoerder. |
| 246 | 3 | 0 | _aDutch |
| 246 | 3 | 4 |
_aShort stories in Dutch : _bfor beginners |
| 246 | 3 | 0 | _aRead for pleasure at your level and learn Dutch the fun way |
| 260 |
_aLondon : _bJohn Murray Learning, an imprint of Hodder & Stroughton, _c2019. |
||
| 300 |
_axiv, 224 pages : _billustrations ; _c20 cm. |
||
| 490 | _aForeign language graded reader series. | ||
| 490 | _aTeach yourself. | ||
| 505 | 0 | _aDe gekke loempia — Een heel bijzondere excursie — De ridder — Het horloge — De kist — Onbekend terrein — Laura, de onzichtbare vrouw — De capsule. | |
| 505 | 0 | _aMapped to A2-B1 on the Common European Framework of Reference — A glossary for bolded words in each text — A bilingual word list — Full plot summary — Comprehension questions after each chapter. | |
| 520 | _aA collection of eight short stories for adult learners of Dutch as a foreign language, written for students from beginner to intermediate level, designed to give a sense of achievement, and most importantly - enjoyment! Includes 1000 most frequent words, authentic spoken dialogues, conversational expressions, comprehension questions and glossary of Dutch to English translation. | ||
| 650 | 0 |
_aDutch language _vSelf-instruction _925305 |
|
| 650 | 0 |
_aDutch language _vReaders _925306 |
|
| 650 | 0 |
_aShort stories, Dutch _925307 |
|
| 650 | 0 |
_aReaders (Adult) _925300 |
|
| 655 | 0 |
_aShort stories _922375 |
|
| 655 | 0 |
_aReaders (Publications) _925108 |
|
| 655 | 0 |
_aSelf-instructional works _925331 |
|
| 655 | 0 |
_aInstructional and educational works _923270 |
|
| 700 |
_aMitchell-Schuitevoerder, Rosemary _etranslator _925308 |
||
| 942 | _2lcc | ||
| 999 |
_c4695 _d4695 |
||